| 000 | 01434nac a22002771u 4500 | ||
|---|---|---|---|
| 999 |
_c7703 _d7703 |
||
| 003 | EG-ScBUE | ||
| 005 | 20200119143606.0 | ||
| 008 | 110905s1956 ua f b 0001p0 ara d | ||
| 040 |
_aEG-ScBUE _bara _erda _cEG-ScBUE _dEG-ScBUE |
||
| 082 | 0 | 4 |
_a892.71009 _bط ب ا _222 |
| 100 | 1 |
_aابن طباطبا، محمد بن أحمد، _dت. 322 هـ.، _eمؤلف. _927006 |
|
| 245 | 1 | 0 |
_aعيار الشعر / _cلمحمد بن أحمد بن طباطبا العلوي ؛ بتحقيق وتعليق دكتور طه الحاجري، أستاذ النقد الأدبي بجامعة الإسكندرية، دكتور محمد زغلول سلام، ماجستير في الآداب، أمين مكتبة بلدية الإسكندرية المساعد.. |
| 264 | 1 |
_aالقاهرة : _bالمكتبة التجارية الكبرى، _c1956. |
|
| 300 |
_a153 صفحة ؛ _c24 سم |
||
| 336 |
_2rdacontent _aنص _btxt |
||
| 337 |
_2rdamedia _aبدون وسيط _bn |
||
| 338 |
_2rdacarrier _aمجلد _bnc |
||
| 500 | _aيشتمل على كشاف. | ||
| 504 | _aيشتمل على إرجاعات ببليوجرافية. | ||
| 650 | 7 |
_aالشعر العربي _xتاريخ ونقد _yالعصر العباسي. _2BUEsh _916917 |
|
| 653 |
_bARALIT _cJanuary2020 |
||
| 655 | _vReading book | ||
| 700 | 1 |
_aحاجري، طه، _eمحقق. _927004 |
|
| 700 | 1 |
_aسلام، محمد زغلول، _eمحقق. _927005 |
|
| 942 |
_cBB _k892.71009 ط ب ا _2ddc |
||